000 01102naa a22002777a 4500
001 BR6500220
003 BR-BrBNA
005 20240918173256.0
007 ta
008 230509b bl.||||| |||| 00| 0 por d
040 _aBR-BrBNA
_bpor
_cBiblioteca Nacional de Agricultura
041 _a(Pt)
072 _aL10
_b5240
090 _aL10 BR6500220
100 1 _aMies Filho, A.
100 1 _aMaciel, E.D.
111 1 _a4. Conferencia da Sociedade de Veterinaria do Rio Grande do Sul
_cPorto Alegre, RS (Brazil)
_d19 Jul 1965
245 1 _aInfluencia da posicao da ovelha durante a inseminacao artificial [reproducao animal]
260 3 _aPorto Alegre, RS (Brasil):
_c1965.
500 _aAnais da 4. Conferencia da Sociedade de Veterinaria do Rio Grande do Sul Porto Alegre, RS (Brasil): 1965. p. 111-115 (BR6500220-AM)L10
650 _aOVINO
650 _aINSEMINACAO ARTIFICIAL
773 0 _tAnais da 4. Conferencia da Sociedade de Veterinaria do Rio Grande do Sul
_wL10 BR6500220
_gPorto Alegre, RS (Brasil), 1965. p. 111-115
909 _a202404
_bLucia
_c55
_dLucia Elande
942 _cAM
_2AGRIS
999 _c303723
_d303723